000 01184nam0a22003131 4500
001 RU\INGAK2\INFOCOMM_327\NLR\5000016121
005 20250625202351.0
035 _a(NLR Aleph) 011023186
090 _a11077589
_c11077589
100 _a20121217d1954 |||y0rusy50 ca
101 0 _apol
102 _aRU
105 _ay z||||
200 1 _aOpracowanie szybkiej metody oznaczania zawartości mydeł w smarach stałych
_fMgr. inż. Janina Kuropieska i Stanisław Holek
210 _aStalinogród
_cPaństwowe wyd-wa techniczne
_d1954
215 _a12 с.
_cил.
_d30 см
225 1 _aPrace Instytutu naftowego
_fMinisterstwo górnictwa
_hSer. B
_vN 30
300 _aРезюме на рус., англ. и франц. яз.
320 _aБиблиогр.: с. 12
606 0 _aКонсистентные смазочные материалы
_xСодержание мыл
_xОпределение
_91406018
_3RU\NLR\AUTH\66592092
620 _aVolgograd
686 _aТЦ-768
_2rubbk
700 1 _aKuropieska
_bJ.
_gJanina
701 1 _aHolek
_bS.
_gStanisław
801 1 _aRU
_bInfoComm
_c20121217
801 0 _aRU
_bNLR
_gPSBO
852 _aNLR
_jСл П-5/189
942 _cBOOK
980 _aNB